3909-四国中央市(愛媛県)の駅 - Statistics

General Stats
  • This quiz has been taken 9 times
  • The average score is 4 of 6
Answer Stats
Answer % Correct
川之江
100%
伊予三島
100%
伊予土居
67%
伊予寒川
56%
赤星
44%
関川
33%
No matching quizzes found
Score Distribution
Percent of People with Each Score
Percentile by Number Answered
Your Score History
You have not taken this quiz